Statistics for Road Abbreviations

Click here to take the quiz!

General Stats

  • This quiz has been taken 37 times
  • The average score is 19 of 24

Answer Stats

AbbreviationsWords% Correct
LnLane
100%
RdRoad
100%
StStreet
100%
AveAvenue
97%
DrDrive
97%
WyWay
97%
HwyHighway
93%
RnchRanch
93%
SqSquare
93%
TunlTunnel
90%
JctJunction
86%
PkwyParkway
86%
BlvdBoulevard
79%
FwyFreeway
79%
OpasOverpass
72%
TpkeTurnpike
72%
UpasUnderpass
72%
BndBend
69%
BrgBridge
69%
CswyCauseway
69%
PtPoint
69%
TrlTrail
62%
MtwyMotorway
45%
ViaViaduct
45%

Score Distribution

Percentile by Number Answered

Percent of People with Each Score

Your Score History

You have not taken this quiz